000 00736nam a22002417a 4500
005 20250521113454.0
008 250521b |||||||| |||| 00| 0 eng d
037 _cTB
040 _aLCT
_cLCT
041 _2eng
_aeng
_heng
084 _aV2:2: (Z) Q18
100 _aJain, M.P.
_9808620
245 _aIndian Constitutional Law/
250 _a8th ed.
260 _aGurgaon, India:
_bLexis Nexis,
_c2028
300 _acclv, 2059p.
650 _aConstitution of India
650 _aconstitutional jurisprudence
_9747484
650 _aGoods and Services Tax
_9747485
650 _aConstitutional amendments and comments
_9747486
650 _aReservation
_9747487
942 _2CC
_cREF
_hV2:2: (Z) Q18
_n0
999 _c1428936
_d1428936